Home Print Resources E-Books E-Journals IIMT Lecture Series Library Membership Form Book Recommendation Form Campus Tour Take AdmissionAbout Us Contact Us

Engineering Thermodynamics (Record no. 5455)

000 -LEADER
fixed length control field 00346nam a2200157Ia 4500
003 - CONTROL NUMBER IDENTIFIER
control field OSt
005 - DATE AND TIME OF LATEST TRANSACTION
control field 20240304113635.0
008 - FIXED-LENGTH DATA ELEMENTS--GENERAL INFORMATION
fixed length control field 170524s9999 xx 000 0 und d
020 ## - INTERNATIONAL STANDARD BOOK NUMBER
International Standard Book Number 978-0333109281
040 ## - CATALOGING SOURCE
Transcribing agency IIMT UNIVERSITY
100 ## - MAIN ENTRY--PERSONAL NAME
Personal name Nag P K
245 #0 - TITLE STATEMENT
Title Engineering Thermodynamics
260 ## - PUBLICATION, DISTRIBUTION, ETC.
Name of publisher, distributor, etc. TMH
260 ## - PUBLICATION, DISTRIBUTION, ETC.
Date of publication, distribution, etc. 2006
942 ## - ADDED ENTRY ELEMENTS (KOHA)
Source of classification or shelving scheme
Koha item type Book Bank
Holdings
Withdrawn status Lost status Source of classification or shelving scheme Damaged status Not for loan Home library Current library Date acquired Barcode Date last seen Uniform Resource Identifier Price effective from Koha item type Total Checkouts Date last checked out
          IIMT University Central Library Meerut IIMT University Central Library Meerut 05/31/2017 01-B-45164 05/31/2017 MECHANICAL ENGINEERING 05/31/2017 Book Bank    
          IIMT University Central Library Meerut IIMT University Central Library Meerut 05/31/2017 01-B-45165 02/13/2023 MECHANICAL ENGINEERING 05/31/2017 Book Bank 3 01/28/2023
          IIMT University Central Library Meerut IIMT University Central Library Meerut 05/31/2017 01-B-45166 05/31/2017 MECHANICAL ENGINEERING 05/31/2017 Book Bank    
          IIMT University Central Library Meerut IIMT University Central Library Meerut 05/31/2017 01-B-45167 01/09/2021 MECHANICAL ENGINEERING 05/31/2017 Book Bank 1 10/30/2020
          IIMT University Central Library Meerut IIMT University Central Library Meerut 05/31/2017 01-B-45168 12/21/2020 MECHANICAL ENGINEERING 05/31/2017 Book Bank 2 10/27/2020
          IIMT University Central Library Meerut IIMT University Central Library Meerut 05/31/2017 01-B-45169 05/31/2017 MECHANICAL ENGINEERING 05/31/2017 Book Bank    
          IIMT University Central Library Meerut IIMT University Central Library Meerut 05/31/2017 01-B-45170 12/21/2020 MECHANICAL ENGINEERING 05/31/2017 Book Bank 3 10/19/2020
          IIMT University Central Library Meerut IIMT University Central Library Meerut 05/31/2017 01-B-45171 05/31/2017 MECHANICAL ENGINEERING 05/31/2017 Book Bank    
          IIMT University Central Library Meerut IIMT University Central Library Meerut 05/31/2017 01-B-45172 08/05/2022 MECHANICAL ENGINEERING 05/31/2017 Book Bank 1 05/31/2022
          IIMT University Central Library Meerut IIMT University Central Library Meerut 05/31/2017 01-B-45173 05/31/2017 MECHANICAL ENGINEERING 05/31/2017 Book Bank    
IIMT, Central Library. All Rights Reserved IIMT,UNIVERSITY © 2023
Implemented and Customised by I CLOUDE EMS
You Are OPAC Visitor No
free web counter

Powered by Koha